En tiempos de vulnerabilidad reflexin̤ desde los derechos humanos /

Bibliographic Details
Main Author: Marcos del Cano, Ana Mara̕
Format: eBook
Language:Spanish
Published: Madrid: Dykinson, 2020
Subjects:
Online Access:Acceso restringido

MARC

LEADER 00000nam a22000007a 4500
005 20201116233934.0
007 cr|||| ||||
008 201116s2020 es |||||s|||| 00||0 spa d
020 |a 978-84-1324-797-7 
035 |a 32144 
040 |a vLex 
090 |c 10867  |d 10867 
100 1 |a Marcos del Cano, Ana Mara̕ 
245 1 0 |a En tiempos de vulnerabilidad  |h [Recurso electrn̤ico] :  |b reflexin̤ desde los derechos humanos /  |c Ana Mara̕ Marcos del Cano 
256 |a Servicio en ln̕ea 
260 |a Madrid:  |b Dykinson,  |c 2020 
300 |a 1 recurso electrn̤ico 
506 1 |a Disponible solo en los productos indicados  |d vLex Global  |d vLex Global (Academic Edition, excluding Law Schools)  |d vLex Global (U.S. Academic Edition, Law Schools)  |d vLex Global (U.S. Academic Edition, excluding Law Schools)  |d vLex Global (Academic Edition, Law Schools) 
650 0 4 |a Derecho Constitucional  |z Espaą 
740 0 |a vLex Libros (Servicio en ln̕ea) 
856 4 0 |u http://vlex.com/source/tiempos-vulnerabilidad-reflexion-derechos-humanos-32144  |z Acceso restringido 
942 |c BOOK 
999 0 |a Constitutional right